Les plus gros transferts du football - Milieux défensifs - 2021-2022 - Statistiques

Statistiques générales
  • Ce quiz a été pris 25 fois
  • Le résultat moyen est 7 sur 10
Statistiques - réponses
Montant de transfert (M €) Nationalité Venant de Allant à Joueur % Correct
42,10 Brésil Olympique Lyonnais Newcastle United Bruno Guimarães
100%
16,00 Portugal FC Porto Paris SG Danilo Pereira
75%
24,50 Uruguay Famalicão Sporting CP Manuel Ugarte
75%
15,75 Italie Brescia AC Milan Sandro Tonali
75%
8,75 France G. Bordeaux AC Milan Yacine Adli
75%
11,35 Suisse Bor. M'gladbach Juventus Turin Denis Zakaria
67%
13,57 Belgique Hamburger SV LOSC LIlle Amadou Onana
63%
14,00 France FC Fribourg Stade Rennais Baptiste Santamaria
63%
20,00 France LOSC LIlle Leicester City Boubakary Soumaré
54%
10,00 Roumanie Ajax Cagliari Calcio Răzvan Marin
17%
Aucun quiz correspondant
Distribution des résultats
% des personnes avec chaque résultat
Percentile par nombre de réponses
Votre historique - résultats
Vous n’avez pas pris ce quiz